| 000 | 00944cam a22002531 4500 | ||
|---|---|---|---|
| 999 |
_c23089 _d23089 |
||
| 001 | 4540815 | ||
| 005 | 20170125152914.0 | ||
| 008 | 690228s1968 caua c 000 0 eng | ||
| 010 | _a 68031202 | ||
| 040 |
_aDLC _cDLC _dDLC |
||
| 050 | 0 | 0 |
_aNC1479.C95 _bW3 |
| 100 | 1 | _aWark, Robert R. | |
| 245 | 1 | 0 |
_aIsaac Cruikshank's drawings for drolls, _cwith an introd. and notes by Robert R. Wark. |
| 260 |
_aSan Marino, Calif., _bHuntington Library, _c1968. |
||
| 300 |
_a20, [75] p. _billus. _c16 x 24 cm. |
||
| 500 | _aCatalog of a bound volume of drawings in the collection of the Henry E. Huntington Library. | ||
| 600 | 1 | 0 |
_aCruikshank, Isaac, _d1756?-1811? |
| 710 | 2 | _aHenry E. Huntington Library and Art Gallery. | |
| 740 | _aDrawings for drolls. | ||
| 906 |
_a7 _bcbc _corignew _du _encip _f19 _gy-gencatlg |
||
| 942 |
_2lcc _cBOOKS _hNC 1479 .C95W3 1968 |
||